Normal view
MARC view
Entry Topical Term
001 - CONTROL NUMBER
- control field: 10463
003 - CONTROL NUMBER IDENTIFIER
- control field: MaObMVR
005 - DATE AND TIME OF LATEST TRANSACTION
- control field: 20170901120619.0
008 - FIXED-LENGTH DATA ELEMENTS
- fixed length control field: 170901|| aca||aabn | a|a d
040 ## - CATALOGING SOURCE
- Original cataloging agency: MaObMVR
- Transcribing agency: MaObMVR
150 ## - HEADING--TOPICAL TERM
- Topical term or geographic name as entry element: Vietnamese Americans
- Form subdivision: Juvenile fiction
670 ## - SOURCE DATA FOUND
- Source citation: Work cat.: (MaObMVR)0: Lai, Thanhha, author 10461, Inside out & back again /
